000 00942nam a22003137a 4500
003 CHAP
005 20230912101332.0
008 971013s1990 r 00010 d
010 _a62422
011 _a63394
035 _a67570
040 _cCHAP
082 _a635
_bM40
100 0 0 _aMaroto Borrego, José Vicente
_971534
245 _aHorticultura para aficionados
260 _aMadrid :
_bMundi Prensa,
_c1990
300 _a222 p.
_b: ilus.
490 _aAgroguĂ­as Mundi-Prensa
590 _aBATCH-UPD
_b10
_c20130110
_lUCH01
_h1751
590 _aBATCH-UPD
_b10
_c20130410
_lUCH01
_h1129
590 _aBATCH-UPD
_b10
_c20130914
_lUCH01
_h1623
590 _aCONVERSION
_b10
_c20130109
_lUCH01
_h1334
650 1 4 _aHorticultura.
_956291
650 1 4 _aLegumbres.
_965680
830 0 _aAgroguias Mundi-Prensa
_92183
901 _aBK
942 _cLIBRO
949 _a635 M40
_bBC
_cLIBRO
_d33724000634390
_eLIBRO
_gI.c/e
_h91918
_i67570
_si
_t50.00
999 _c62422
_d62422